000 00451nam a2200181Ia 4500
001 24815
005 20260414151108.0
008 260414t2023||||xx |||||||||||||| ||spa||
041 _aESP
082 _a346
_bC78T T. 4
100 _aCorvalán, Juan G.,
_eAUT
245 0 _aTratado de inteligencia artificial y derecho
_b
260 _c2023
300 _axx, 617 páginas :
_c25 cm.
650 _aDER
654 _aCDE
942 _cLIB
_dJUS
_fJUS
_2ddc
_n
999 _c24815
_d24815